=LDR 00000nam 2200000 4500 =001 INLIS000000000028161 =005 20130612130503 =008 ***********************************Ind** =035 ##$$0010-061300000028161 =041 ##$$a Ind =082 ##$$a 398.203 598 =090 ##$$a 398.203 598, Sep m =100 ##$$a Septiningsih, Lustantini =245 ##$$a Memahami cerita anak-anak, Studi kasus majalah Bobo, Ananda dan Amanah, Lustantini Septiningsih; Lukman Hakim; Nurweni Saptawuryandari =260 ##$$a 1998 $b Jakarta =300 ##$$a ix, 353 hlm, 22 cm =650 ##$$a Cerita Anak-anak - Memahami =850 ##$$a NBPNMAT